Brian's winter / (Record no. 2660)

MARC details
000 -LEADER
fixed length control field 00989cam a2200277 a 4500
005 - DATE AND TIME OF LATEST TRANSACTION
control field 20240110093426.0
020 ## - INTERNATIONAL STANDARD BOOK NUMBER
International Standard Book Number 0385321988 (hc : alk. paper)
040 ## - CATALOGING SOURCE
Original cataloging agency DLC
Transcribing agency DLC
Modifying agency DLC
Language of cataloging eng
050 00 - LIBRARY OF CONGRESS CALL NUMBER
Classification number PZ7.P2843
Item number Br 1996
082 00 - DEWEY DECIMAL CLASSIFICATION NUMBER
Classification number 813.54
Edition number 20
100 1# - MAIN ENTRY--PERSONAL NAME
Personal name Paulsen, Gary
245 10 - TITLE STATEMENT
Title Brian's winter /
Statement of responsibility, etc. Gary Paulsen
250 ## - EDITION STATEMENT
Edition statement First Scholastic printing, January 1998
260 ## - PUBLICATION, DISTRIBUTION, ETC.
Place of publication, distribution, etc. New York :
Name of publisher, distributor, etc. Scholastic,
Date of publication, distribution, etc. 1996
300 ## - PHYSICAL DESCRIPTION
Extent 133 pages ;
Dimensions 20 cm
500 ## - GENERAL NOTE
General note Companion book to: Hatchet and The river.
505 ## - FORMATTED CONTENTS NOTE
Formatted contents note Z
520 ## - SUMMARY, ETC.
Summary, etc. Instead of being rescued from a plane crash, as in the author's book Hatchet, this story portrays what would have happened to Brian had he been forced to survive a winter in the wilderness with only his survival pack and hatchet.
521 ## - TARGET AUDIENCE NOTE
Target audience note 1140
Source Lexile
521 ## - TARGET AUDIENCE NOTE
Target audience note Z
Source Raz-Plus
650 #1 - SUBJECT ADDED ENTRY--TOPICAL TERM
Topical term or geographic name entry element Survival
General subdivision Fiction.
650 #1 - SUBJECT ADDED ENTRY--TOPICAL TERM
Topical term or geographic name entry element Winter
General subdivision Fiction.
906 ## - LOCAL DATA ELEMENT F, LDF (RLIN)
a 7
b cbc
c orignew
d 1
e ocip
f 19
g y-gencatlg
942 ## - ADDED ENTRY ELEMENTS (KOHA)
Source of classification or shelving scheme Dewey Decimal Classification
Koha item type Books
Suppress in OPAC No
999 ## -
-- 2660
-- 2660
Holdings
Withdrawn status Lost status Source of classification or shelving scheme Damaged status Not for loan Collection Home library Current library Shelving location Date acquired Total Checkouts Full call number Barcode Date last seen Copy number Price effective from Koha item type Date last checked out
    Dewey Decimal Classification     Fiction Footprints International School Library Network Toul Tom Poung Campus Footprints International School Library Network Toul Tom Poung Campus TTP Secondary Fiction Bookshelves 01/09/2024   PAU 813.54 PZ7.P2843 FISSE00647 01/09/2024 1 01/09/2024 Books  
    Dewey Decimal Classification     Fiction Footprints International School Library Network Toul Tom Poung Campus Footprints International School Library Network Toul Tom Poung Campus TTP Secondary Fiction Bookshelves 01/10/2024 1 PAU 813.54 PZ7.P2843 FISSE00646 04/21/2026 2 01/09/2024 Books 04/10/2026